| 000 | 00348cam a22001217a 4500 | ||
|---|---|---|---|
| 008 | 180718b1958 xxu||||| |||| 00| 0 eng d | ||
| 082 | _aD49x42 G885 | ||
| 100 | _aGrinnell-Milne, Duncan | ||
| 245 |
_aSilent victory, September 1940 _cby Duncan Grinnell-Milne |
||
| 260 |
_aLondon _bBodley Head _c1958 |
||
| 300 | _a206p. | ||
| 650 | _aOperation Sea Lion | ||
| 999 |
_c366983 _d366983 |
||